Eurowizja 2025 - Tytuły Piosenek - Statystyki

Ogólne statystyki
  • Ten quiz został rozwiązany 627 razy
  • Średni wynik to 25 z 37
Statystyki odpowiedzi
Lp. Państwo Artysta Tytuł % Poprawnych
28 Polska Justyna Steczkowska Gaja
91%
4. Austria JJ Wasted Love
87%
1. Albania Shkodra Elektronike Zjerm
86%
3. Australia Go-Jo Milkshake Man
85%
13. Finladnia Erika Vikman Ich Komme
84%
17. Niemcy Abor & Tynna Baller
82%
27. Norwegia Kyle Alessandro Lighter
80%
34. Szwecja Kaj Bara Bada Bastu
77%
19. Islandia VÆB RÓA
76%
25. Malta Miriana Conte Serving
75%
2. Armenia Parg Survivor
75%
7. Chorwacja Marko Bošnjak Poison Cake
74%
8. Cypr Theo Evan Shh
74%
11. Dania Sissal Hallucination
73%
10. Czechy Adonxs Kiss Kiss Goodbye
73%
18. Irlandia Emmy Laika Party
72%
6. Belgia Red Sebastian Strobe Lights
71%
15. Grecja Klavdia Asteromáta
70%
14. Francja Louane Maman
69%
12. Estonia Tommy Cash Espresso Macchiato
68%
20. Izrael Yuval Raphael New Day Will Rise
68%
33. Hiszpania Melody Esa Diva
66%
36. Ukraina Ziferblat Bird of Pray
63%
9. Czarnogóra Nina Žižić Dobrodošli
63%
35. Szwajcaria Zoë Më Voyage
63%
5. Azerbejdżan Mamagama Run With U
61%
31. Serbia Princ Mila
60%
23. Litwa Katarsis Tavo Akys
59%
16. Gruzja Mariam Shengelia Freedom
57%
26. Holandia Claude C'est La Vie
56%
37. Wielka Brytania Remember Monday What The Hell Just Happened?
56%
30. San Marino Gabry Ponte Tutta L'Italia
53%
32. Słowenia Klemen How Much Time Do We Have Left
49%
29. Portugalia Napa Deslocado
42%
22. Łotwa Tautumeitas Bur Man Laimi
40%
21. Włochy Lucio Corsi Volevo Essere Un Duro
31%
24. Luksemburg Laura Thorn La Poupée Monte Le Son
29%
Nie znaleziono quizów pasujących do podanych kryteriów
Rozkład punktacji
Procent ludzi z każdym wynikiem
Percentyl według liczby udzielonych odpowiedzi
Twoja historia wyników
Nie rozwiązałeś tego quizu